Scottish Monarchs (843-1714) - Statistics

General Stats
  • This quiz has been taken 314 times
  • The average score is 27 of 50
Answer Stats
Dates Reigned Answer % Correct
1406-1437 James I
83%
1513-1542 James V
83%
1437-1460 James II
82%
1567-1625 James VI
82%
1488-1513 James IV
81%
1460-1488 James III
80%
1542-1567 Mary I
80%
1165-1214 William I
79%
1688-1695 Mary II
78%
1685-1688 James VII
76%
1688-1702 William II
75%
1702-1714 Anne
72%
1625-1649 Charles I
72%
1649-1652 Charles II
72%
1660-1685 (2) Charles II
72%
1306-1329 Robert I
71%
1371-1390 Robert II
70%
1390-1406 Robert III
64%
1040-1057 Macbeth
63%
943-954 Malcolm I
61%
1005-1034 Malcolm II
57%
1292-1296 John I
56%
1107-1124 Alexander I
54%
1214-1249 Alexander II
54%
1034-1040 Duncan I
54%
1058-1093 Malcolm III
54%
1249-1286 Alexander III
53%
858-862 Donald I
53%
843-858 Kenneth I
53%
1124-1153 David I
50%
1329-1332 David II
50%
1336-1371 (2) David II
50%
889-900 Donald II
49%
1296-1306 Edward I of England
49%
1153-1165 Malcolm IV
48%
971-995 Kenneth II
45%
1286-1290 Margaret
44%
862-877 Constantine I
43%
1093-1097 Donald III
43%
900-943 Constantine II
41%
997-1005 Kenneth III
41%
995-997 Constantine III
36%
1057-1058 Lulach
28%
1332-1336 Edward I
26%
1097-1107 Edgar
21%
878-889 Giric
17%
962-967 Dubh
13%
954-962 Indulf
12%
967-971 Colin
7%
877-878 Aodh
5%
No matching quizzes found
Score Distribution
Percent of People with Each Score
Percentile by Number Answered
Your Score History
You have not taken this quiz